000
00332nam a2200145Ia 4500
100
_a
Seth/ Yogesh
942
_c
BK
654
_a
Borland C++.windows 3.1
245
_a
Vijay Mukhis Borland C++ 4.0 under Windows 3.1
260
_b
Jaico
_a
Bombay
_c
1994
082
_a
005.13 'U'
300
_a
929
546
_a
ENGLISH
999
_c
28852
_d
28852